علم الكلام # # Ilm al Kalam / (Record no. 80309)
[ view plain ]
| 000 -LEADER | |
|---|---|
| fixed length control field | 00986cam a2200301 i 4500 |
| 001 - CONTROL NUMBER | |
| control field | 80309 |
| 003 - CONTROL NUMBER IDENTIFIER | |
| rucl marc code | BD-RjUL |
| 005 - DATE AND TIME OF LATEST TRANSACTION | |
| control field | 20220907102912.0 |
| 008 - FIXED-LENGTH DATA ELEMENTS--GENERAL INFORMATION | |
| fixed length control field | 220906s1964 pk b 000 0 urd d |
| 035 ## - SYSTEM CONTROL NUMBER | |
| System control number | (BD-RjUL)80309 |
| 040 ## - CATALOGING SOURCE | |
| Original cataloging agency | HLS |
| Language of cataloging | eng |
| Transcribing agency | HLS |
| Description conventions | rda |
| Modifying agency | OCLCO |
| -- | DLC |
| 041 ## - LANGUAGE CODE | |
| Language code of text/sound track or separate title | urd |
| 082 ## - DEWEY DECIMAL CLASSIFICATION NUMBER | |
| Edition number | 23 |
| Classification number | 297.2 |
| Author mark and year | NOI 1964 |
| 100 ## - MAIN ENTRY--PERSONAL NAME | |
| Personal name | نعماني شبلي # # Nomani, Shibli |
| 9 (RLIN) | 4663 |
| 245 00 - TITLE STATEMENT | |
| Title | علم الكلام # # Ilm al Kalam / |
| Remainder of title | |
| Statement of responsibility, etc. | Shibli Nomani # # شبلي نعماني |
| 264 #1 - PRODUCTION, PUBLICATION, DISTRIBUTION, MANUFACTURE, AND COPYRIGHT NOTICE | |
| Place of production, publication, distribution, manufacture | Karachi : |
| Name of producer, publisher, distributor, manufacturer | Masud pub, |
| Date of production, publication, distribution, manufacture, or copyright notice | 1964 |
| 300 ## - PHYSICAL DESCRIPTION | |
| Pagination | 368 pages ; |
| Size | 24 cm. |
| 504 ## - BIBLIOGRAPHY, ETC. NOTE | |
| Bibliography, etc | Includes bibliographical references. |
| 505 ## - FORMATTED CONTENTS NOTE | |
| Formatted contents note | Vol.1.-- |
| 650 #0 - SUBJECT ADDED ENTRY--TOPICAL TERM | |
| Topical term or geographic name as entry element | Theology, Doctrinal. |
| 9 (RLIN) | 4657 |
| Topical term or geographic name as entry element | Faith and reason. |
| 9 (RLIN) | 4658 |
| Topical term or geographic name as entry element | Faith and reason |
| General subdivision | Islam. |
| 9 (RLIN) | 4659 |
| Topical term or geographic name as entry element | Islam |
| General subdivision | Doctrines. |
| 9 (RLIN) | 210 |
| Topical term or geographic name as entry element | Religion |
| General subdivision | Philosophy. |
| 9 (RLIN) | 4660 |
| Topical term or geographic name as entry element | الأشعرية (الفرق الإسلامية) |
| 9 (RLIN) | 4661 |
| Topical term or geographic name as entry element | Islam and philosophy. |
| 9 (RLIN) | 4662 |
| 942 ## - ADDED ENTRY ELEMENTS (KOHA) | |
| Source of classification or shelving scheme | Dewey Decimal Classification |
| Koha item type | Books |
| Lost status | Source of classification or shelving scheme | Damaged status | Not for loan | Collection code | Permanent Location | Current Location | Shelving location | Date acquired | Source of acquisition | Cost, normal purchase price | Total Checkouts | Full call number | Date last seen | Copy number | Koha item type |
|---|---|---|---|---|---|---|---|---|---|---|---|---|---|---|---|
| Dewey Decimal Classification | Not For Loan | Non-fiction | Central Library, University of Rajshahi | Central Library, University of Rajshahi | Reading Room | 08/01/1967 | feroz & sons | 9.00 | U 297.2 NOI V 1 1964 | 07/09/2022 | C-1 | Books |